000 00477nam a2200157Ia 4500
008 240729s9999 xx 000 0 und d
022 _a2750-6649
245 0 _aPsychology of Human-Animal Intergroup Relations
260 _aGermany
260 _bPsychOpen GOLD/ Leibniz Institute for Psychology
650 _a Psychology
650 _aPhilosophy. Psychology. Religion
856 _uhttps://doaj.org/toc/d7b5c306f4a248f4b6b9d510ff23726b
942 _2ddc
942 _cDOAJEJ
999 _c67962
_d67962
945 _a1
_bMadushi Gamage
_c1
_dMadushi Gamage